The Lady Asphodel : (Record no. 186863)
[ view plain ]
| 000 -LEADER | |
|---|---|
| fixed length control field | 00366 a2200157 4500 |
| 003 - CONTROL NUMBER IDENTIFIER | |
| control field | Nust |
| 005 - DATE AND TIME OF LATEST TRANSACTION | |
| control field | 20230120103829.0 |
| 040 ## - CATALOGING SOURCE | |
| Transcribing agency | Nust |
| 082 ## - DEWEY DECIMAL CLASSIFICATION NUMBER | |
| Classification number | 808.83,ADA |
| 100 ## - MAIN ENTRY--PERSONAL NAME | |
| Personal name | Adair, Cecil |
| 9 (RLIN) | 107215 |
| 245 ## - TITLE STATEMENT | |
| Title | The Lady Asphodel : |
| Remainder of title | A Romance / |
| Statement of responsibility, etc. | Cecil Adair |
| 260 ## - PUBLICATION, DISTRIBUTION, ETC. | |
| Place of publication, distribution, etc. | London |
| Name of publisher, distributor, etc. | Stanley paul & Co |
| 300 ## - PHYSICAL DESCRIPTION | |
| Extent | 285:p |
| 650 ## - SUBJECT ADDED ENTRY--TOPICAL TERM | |
| Topical term or geographic name entry element | Novel |
| 9 (RLIN) | 2525 |
| 942 ## - ADDED ENTRY ELEMENTS (KOHA) | |
| Source of classification or shelving scheme | |
| Koha item type | Book |
| Withdrawn status | Lost status | Source of classification or shelving scheme | Damaged status | Not for loan | Permanent Location | Current Location | Shelving location | Date acquired | Full call number | Barcode | Date last seen | Price effective from | Koha item type | Public note |
|---|---|---|---|---|---|---|---|---|---|---|---|---|---|---|
| Military College of Signals (MCS) | Military College of Signals (MCS) | General Stacks | 12/12/2016 | 808.83,ADA | MCS30112 | 12/08/2016 | 12/12/2016 | Book | Almirah No.56, Shelf No.4 |
